Zavádzací prieskum
Prečo je pri meraní TV sledovanosti dôležitý zavádzací prieskum, ako sa získavajú databázy potenciálnych účastníkov výskumu, a ako sa tvorí výberová vzorka.
Salvato in:
| Autore principale: | |
|---|---|
| Altri autori: | |
| Natura: | Capitolo di libro |
| Lingua: | slovacco |
| Soggetti: | |
| Tags: |
Nessun Tag, puoi essere il primo ad aggiungerne!!
|
MARC
| LEADER | 00000naa$a2200000$$$4500 | ||
|---|---|---|---|
| 001 | 0008220 | ||
| 005 | 20231004064702.0 | ||
| 041 | 0 | |a slo | |
| 044 | |a SK | ||
| 245 | 1 | 0 | |a Zavádzací prieskum |c aut. Ivan Šimek, Andrej Vallo |
| 520 | |a Prečo je pri meraní TV sledovanosti dôležitý zavádzací prieskum, ako sa získavajú databázy potenciálnych účastníkov výskumu, a ako sa tvorí výberová vzorka. | ||
| 610 | 2 | 0 | |a peoplemetre |
| 610 | 2 | 0 | |a televízia |
| 100 | 1 | |a Šimek, Ivo | |
| 700 | 1 | |a Vallo, Andrej | |